LEADER 01275nam a2200277 a 4500 001 000000121106 003 CaOOAMICUS 005 20100409114531.0 008 100409t1984 it u000 u ita r 040 $aPUL$bita$dMCT 100 1 $aFileni, Franco.$0(OLS)http://pul/name/75818 245 10$aAnalogico e digitale:$bla cultura e la comunicazione /$cFranco Fileni. 260 $aRoma :$bGangemi,$c©1984. 300 $aX, 178 p. ;$c24 cm 490 1 $aRagioni dell'uomo.$aSociologia ;$v8 490 1 $aUniversità degli Studi della Calabria.$aStudi e ricerche ;$v3 504 $aBibliografia p. 169-178. 650 4$aMass media$xAspetti sociali.$0(OLS)http://pul/subject/36496 650 4$aComunicazione sociale.$0(OLS)http://pul/subject/16847 830 0$aRagioni dell'uomo.$pSociologia ;$v8.$0(OLS)http://pul/title/152303 830 0$aUniversità degli Studi della Calabria.$pStudi e ricerche ;$v3.$0(OLS)http://pul/title/152304 850 $aPUL 852 $aPUL$W1$xDP1 Filosofia 1$y19$m587 L 14$j138860$qStampati$B138100$CPULBib$Z2$F138100 $H59003 $82 941 1 $a8 996 $6245$aAnalogico e digitale:$bla cultura e la comunicazione$9(OLS)http://pul/title/152301 996 $6260$aRoma :$bGangemi$9(OLS)http://pul/publisher/62108 LEADER 01272nam a2200289 i 4500 001 000000105316 003 CaOOAMICUS 005 20070528093547.0 008 070528s1993 it 000 u ita c 020 $z88-311-3104-2* 040 $aPUG$bita$dPUL$dLDB 041 1 $aita$hgrc 100 0 $aClemens PP.$bI,$cRomanus, s.,$dm. c. 99.$kOpere spurie e dubbie.$0(OLS)http://pul/name/4353 245 12$aI ritrovamenti =$bRecognitiones /$cPseudo-Clemente ; traduzione, introduzione, note e indici a cura di Silvano Cola. 246 31$aRecognitiones 260 $aRoma :$bCittà Nuova,$cc1993. 300 $a436 p. ;$c21 cm 490 1 $aCollana di testi patristici ;$v104 700 1 $aCola, Silvano.$0(OLS)http://pul/name/17953 830 0$aCollana di testi patristici ;$v104.$0(OLS)http://pul/title/17027 850 $aPUL 852 $aPUL$W1$xSL Cons. Gen., Altre Classi 1$y1$m2000 E 104$j118025$qStampati$B117942$CPULBib$Z2$F117942 $H70483 $82 941 1 $a8 996 $6020$z88-311-3104-2*$9(OLS)http://pul/number/134551 996 $6246$aRecognitiones$9(OLS)http://pul/title/132511 996 $6245$aI ritrovamenti =$bRecognitiones$9(OLS)http://pul/title/132510 996 $6260$aRoma :$bCittà Nuova$9(OLS)http://pul/publisher/47927